| 000 | 00686nam a2200169 a 4500 | ||
|---|---|---|---|
| 001 | 000044006 | ||
| 005 | 20201002045104.0 | ||
| 008 | 140513s1967 ve 001 0 spa d | ||
| 040 |
_aDO-SdBNP _bspa _cBNPHU |
||
| 100 | 1 |
_aBonilla, Frank _971972 |
|
| 245 | 1 | 0 |
_aCambios políticos en Venezuela : _bexploraciones en análisis y en síntesis / _cFrank Bonilla, José A. Silva Michelena. |
| 260 |
_aCaracas, Venezuela : _bCentro de Estudios del Desarrollo _bUniversidad Central de Venezuela, _c1967. |
||
| 300 |
_a540 p. ; _c24 cm. |
||
| 500 | _aIncluye índice | ||
| 504 | _aIncluye referencias bibliográficas y notas al pie de las páginas | ||
| 700 | 1 | 2 |
_aSilva Michelena, Jose Agustin _970483 |
| 999 |
_c43495 _d43495 |
||